| 000 | 01687nam a2200289Ia 4500 | ||
|---|---|---|---|
| 999 |
_c47218 _d47218 |
||
| 001 | 14078 | ||
| 003 | GE_BSU | ||
| 005 | 20241003133335.0 | ||
| 008 | 181216s2001||||ge |||||||||||||| ||geo|| | ||
| 040 | _cGE_BSU | ||
| 041 | _ageo | ||
| 080 | _a615.2(075.8)+615.1 კ-37 | ||
| 100 |
_aკეზელი, თამარ. _923302 |
||
| 245 |
_aკლინიკური ფარმაცია ფარმაკოთერაპიით : _bსახელმძღვ. თბილ. სახელმწ. სამედ. უნ-ტის სტუდენტებისა და ფარმაცევტებისათვის / _cავტ. და რედ. თამარ კეზელი ; თანაავტ.: რ. მახარაძე, თ. კუცია, თ. სეფერთელაძე [და სხვ.]. |
||
| 250 | _a1-ლი გამოცემა | ||
| 264 |
_aთბილისი: _bმეცნიერება, _c2001, |
||
| 300 |
_a311 გვ.: _bცხრ., ილ. ; _c29 სმ. |
||
| 653 | _aფარმაკოთერაპია | ||
| 653 | _aმედიცინა | ||
| 700 |
_aმახარაძე, რ. _e ავტორი _94900 |
||
| 700 |
_aკუცია, თ. _eავტორი _923303 |
||
| 700 |
_aსეფერთელაძე, თ. _eავტორი. _923304 |
||
| 700 |
_aკვირიკაშვილი, ფ. _eავტორი _923305 |
||
| 700 |
_aთურმანიძე, ნ. _eავტორი. _916194 |
||
| 856 |
_u https://dspace.nplg.gov.ge/bitstream/1234/466106/1/Klinikuri_Farmacia_Farmakoterapiit_2001.pdf _yელ. ვერსია |
||
| 942 |
_cBK _2udc |
||